00474 2200181 4500001002100000005001500021035002000036245004700056100001700103250001400120300002000134260003900154082001200193084001800205020001800223008004100241990001000282INLIS00000000003383920220816110100 a0010-08220006311 aMembuat Bensin Dari Jagung /cRusdy Abidin0 aRusdy Abidin aCetakan 1 a24hlm ;c24,5cm aJakarta Selatan :bIndocamp,c2012 a665.776 a665.776 RUS m a9789790202814220816 0  a54148